000 00617nam a2200205Ia 4500
003 OSt
005 20250207114425.0
008 210210b2000 xxu||||| |||| 00| 0 eng d
040 _cAL
041 _aKan
082 _aK894.7 SUMI
100 _aSUMATINDRA NADIG.
_dಸುಮತೀಂದ್ರ ನಾಡಿಗ
_9198333
245 _aInnashtu tamashe padyagalu.
_bಇನ್ನಷ್ಟು ತಮಾಷೆ ಪದ್ಯಗಳು
260 _aBengaluru
_bSapna Buk Haus
_c2000
300 _avii,83
650 _aTamashe padyagalu
_9198334
690 _aKannada Humour
_9198335
906 _aSG03519
942 _2ddc
_cBK
999 _c114179
_d114179